Các ngôi sao Tây Sơn /

Gorde:
Xehetasun bibliografikoak
Egile nagusia: Nguyễn Xuân Nhân.
Formatua: Liburua
Hizkuntza:Vietnamese
Argitaratua: Tp.HCM : Văn nghệ, 2001.
Gaiak:
Etiketak: Etiketa erantsi
Etiketarik gabe, Izan zaitez lehena erregistro honi etiketa jartzen!
Thư viện lưu trữ: Mạng thư viện Đại học Đà Nẵng
LEADER 01058cam a2200337 a 4500
001 000043833
003 1918
005 20060505153913.0
008 010217b2001 vm 000 vie
020 |c 26000 
040 |a LRC  |c LRC  |d LRC 
041 0 |a vie 
082 1 4 |a 923.5597  |b NG-N 
100 1 |a Nguyễn Xuân Nhân. 
245 1 4 |a Các ngôi sao Tây Sơn /  |c Nguyễn Xuân Nhân. 
260 |a Tp.HCM :  |b Văn nghệ,  |c 2001. 
300 |a 274 tr. ;  |c 19 cm. 
630 0 4 |a Nhân vật Việt Nam. 
650 0 4 |a Nhân vật lịch sử  |z Việt Nam. 
OWN |a DUT 
AVA |a UDN50  |b DUT  |c Book  |d 923.5597 NG-N  |e available  |t Error 5001 Not defined in file expand_doc_bib_avail.  |f 1  |g 0  |h N  |i 0  |j SH  |k 1 
999 |a From the UDN01 
AVA |a UDN50  |b DUT  |c Book  |d 923.5597 NG-N  |e available  |t Error 5001 Not defined in file expand_doc_bib_avail.  |f 1  |g 0  |h N  |i 0  |j SH  |k 1 
TYP |a Monograph 
TYP |a Printed language 
980 |a Mạng thư viện Đại học Đà Nẵng